000 00880nam a2200253Ia 4500
003 OSt
005 20221005112811.0
006 a|||||r|||| 00| 0
007 ta
008 221004b |||||||| |||| 00| 0 pan d
020 _a9788182994089 (hbk)
_cINR 375.00
024 _a45129
037 _b1061, 12/02/2019, H.K. Prakashan
_cTextual
040 _aCRL
_cCRL
_bpan
041 _2pan
_apan
082 _aO153,8N43x, Q8
100 _aਗਰਗ, ਕੇ. ਐਲ, ਂਚ.
_9159353
245 0 _aਰਾਜਨੀਤੀ ਦਾ ਗੰਨਾ
260 _aਦਿੱਲੀ
_bਆਰਸੀ ਪਬਲੀਕੇFਰਗ਼ ਭਾਰਤ
_c2018
300 _a223ਪ੍ਰ0
_ccm.
650 _aਪੰਜਾਬੀ ਸਾਹਿਤ
942 _hO153,8N43x, Q8
_cTEXL
_2cc
999 _c1026011
_d1026011